| 000 | 00997nam a2200325Ia 4500 | ||
|---|---|---|---|
| 003 | OSt | ||
| 005 | 20221006144109.0 | ||
| 006 | a|||||r|||| 00| 0 | ||
| 007 | ta | ||
| 008 | 221006b |||||||| |||| 00| 0 eng d | ||
| 020 | _c120.00 | ||
| 024 | _a10,863 | ||
| 037 | _cTextual | ||
| 040 |
_aEASL _cEASL _beng |
||
| 041 |
_2eng _aeng |
||
| 082 | _aQ:4198.498.g7K, M6 | ||
| 100 | _aHAMSA Bhagwan Shri | ||
| 245 | 0 |
_aHoly mountain _b Mansarovar and the Mount Kailas |
|
| 260 |
_aDelhi _bIndian Bibliographies Bureau _c1986 |
||
| 300 |
_a203p. _ccm. |
||
| 490 | _v Gen | ||
| 650 |
_a Mansarovar and the Mount Kailas _9650856 |
||
| 650 |
_a Pilgrimage to Mansarovar _9650857 |
||
| 650 |
_a pilgrimage to the Mount Kailas _9650858 |
||
| 650 |
_a The Mansarovar _9650859 |
||
| 650 |
_aThe Holy Mountain _9650860 |
||
| 700 |
_a SWAMI Purohit Tr. _9650861 |
||
| 942 |
_hQ:4198.498.g7K, M6 _cTEXL _2CC |
||
| 999 |
_c1078949 _d1078949 |
||